Sperare contra spem: die Hölle als Gnadengeschenk Gottes bei Hans Urs von Balthasar

Saved in:  
Bibliographic Details
Main Author: Hegger, Susanne 1962- (Author)
Format: Print Book
Language:German
Subito Delivery Service: Order now.
Check availability: HBZ Gateway
WorldCat: WorldCat
Interlibrary Loan:Interlibrary Loan for the Fachinformationsdienste (Specialized Information Services in Germany)
Published: [Würzburg] Echter 2012
In: Bonner dogmatische Studien (51)
Year: 2012
Reviews:Sperare contra spem. Die Hölle als Gnadengeschenk Gottes bei Hans Urs von Balthasar (2014) (Spangenberg, Volker, 1955 -)
Series/Journal:Bonner dogmatische Studien 51
Standardized Subjects / Keyword chains:B Balthasar, Hans Urs von 1905-1988 / Theology / Hell
B Balthasar, Hans Urs von 1905-1988 / Hell / Eschatology / Theological anthropology
B Balthasar, Hans Urs von 1905-1988 / Theodrama / Analysis of existence / Mental illness
Further subjects:B Theology, Doctrinal History 20th century
B Theological Anthropology
B Thesis
B Balthasar, Hans Urs Von (1905-1988)
B Hell Christianity
B Eschatology
B Christianity Psychology
Online Access: Inhaltstext (Publisher)
Table of Contents

MARC

LEADER 00000cam a2200000 c 4500
001 720585236
003 DE-627
005 20240923210354.0
007 tu
008 120803s2012 gw ||||| m 00| ||ger c
010 |a  2013392394 
020 |a 9783429035129  |9 978-3-429-03512-9 
024 3 |a 9783429035129 
035 |a (DE-627)720585236 
035 |a (DE-576)375521682 
035 |a (DE-599)GBV720585236 
035 |a (OCoLC)823255370 
035 |a (OCoLC)819941758 
040 |a DE-627  |b ger  |c DE-627  |e rakwb 
041 |a ger 
044 |c XA-DE 
050 0 |a BX4705.B163 
082 0 4 |a 230  |q DNB 
084 |a 1  |2 ssgn 
084 |a BM 7811  |q BVB  |2 rvk  |0 (DE-625)rvk/12905:11597 
084 |a BM 7810  |q OBV  |2 rvk  |0 (DE-625)rvk/12905:11596 
084 |a BN 9300  |q OBV  |2 rvk  |0 (DE-625)rvk/13873: 
084 |a 11.61  |2 bkl 
100 1 |0 (DE-588)144014106  |0 (DE-627)704675633  |0 (DE-576)340332891  |4 aut  |a Hegger, Susanne  |d 1962- 
109 |a Hegger, Susanne 1962- 
245 1 0 |a Sperare contra spem  |b die Hölle als Gnadengeschenk Gottes bei Hans Urs von Balthasar  |c Susanne Hegger 
264 1 |a [Würzburg]  |b Echter  |c 2012 
300 |a 568 S. 
336 |a Text  |b txt  |2 rdacontent 
337 |a ohne Hilfsmittel zu benutzen  |b n  |2 rdamedia 
338 |a Band  |b nc  |2 rdacarrier 
490 1 |a Bonner dogmatische Studien  |v 51 
502 |a Zugl.: Bochum, Univ., Diss., 2011/12 
583 1 |a Archivierung/Langzeitarchivierung gewährleistet  |f SSG  |x XA-DE-BW  |2 pdager  |5 DE-21 
583 1 |a Archivierung prüfen  |c 20240324  |f DE-4165  |z 1  |2 pdager 
600 1 0 |a Balthasar, Hans Urs Von  |d 1905-1988 
650 0 |a Theology, Doctrinal  |x History  |y 20th century 
650 0 |a Hell  |x Christianity 
650 0 |a Eschatology 
650 0 |a Theological Anthropology 
650 0 |a Christianity  |x Psychology 
655 7 |a Hochschulschrift  |0 (DE-588)4113937-9  |0 (DE-627)105825778  |0 (DE-576)209480580  |2 gnd-content 
689 0 0 |d p  |0 (DE-588)118506323  |0 (DE-627)135641985  |0 (DE-576)318454939  |2 gnd  |a Balthasar, Hans Urs von  |d 1905-1988 
689 0 1 |d s  |0 (DE-588)4059758-1  |0 (DE-627)104131446  |0 (DE-576)209132159  |2 gnd  |a Theologie 
689 0 2 |d s  |0 (DE-588)4134391-8  |0 (DE-627)105672971  |0 (DE-576)209651873  |2 gnd  |a Hölle 
689 0 |5 DE-101 
689 1 0 |d p  |0 (DE-588)118506323  |0 (DE-627)135641985  |0 (DE-576)318454939  |2 gnd  |a Balthasar, Hans Urs von  |d 1905-1988 
689 1 1 |d s  |0 (DE-588)4134391-8  |0 (DE-627)105672971  |0 (DE-576)209651873  |2 gnd  |a Hölle 
689 1 2 |d s  |0 (DE-588)4015508-0  |0 (DE-627)106336517  |0 (DE-576)208912002  |2 gnd  |a Eschatologie 
689 1 3 |d s  |0 (DE-588)4059766-0  |0 (DE-627)106142321  |0 (DE-576)209132183  |2 gnd  |a Theologische Anthropologie 
689 1 |5 (DE-627) 
689 2 0 |d p  |0 (DE-588)118506323  |0 (DE-627)135641985  |0 (DE-576)318454939  |2 gnd  |a Balthasar, Hans Urs von  |d 1905-1988 
689 2 1 |d s  |0 (DE-588)4195540-7  |0 (DE-627)105211095  |0 (DE-576)210101776  |2 gnd  |a Theodramatik 
689 2 2 |d s  |0 (DE-588)4148859-3  |0 (DE-627)105565555  |0 (DE-576)209767960  |2 gnd  |a Daseinsanalyse 
689 2 3 |d s  |0 (DE-588)4047686-8  |0 (DE-627)106193899  |0 (DE-576)209074353  |2 gnd  |a Psychische Störung 
689 2 |5 (DE-627) 
751 |a Bochum  |0 (DE-588)4007328-2  |0 (DE-627)106374028  |0 (DE-576)208869697  |4 uvp 
776 1 |z 9783429046477 
776 1 |z 9783429060572 
787 0 8 |i Rezensiert in  |a Spangenberg, Volker, 1955 -   |t Sperare contra spem. Die Hölle als Gnadengeschenk Gottes bei Hans Urs von Balthasar  |d 2014  |w (DE-627)1797983415 
830 0 |a Bonner dogmatische Studien  |v 51  |9 51  |w (DE-627)319786331  |w (DE-576)013689010  |w (DE-600)1013051-2  |x 0935-0756  |7 am 
856 4 2 |u http://deposit.dnb.de/cgi-bin/dokserv?id=4206375&prov=M&dok_var=1&dok_ext=htm  |m X: MVB  |q text/html  |v 2013-05-01  |x Verlag  |3 Inhaltstext  |7 1 
856 4 2 |u https://swbplus.bsz-bw.de/bsz375521682inh.htm  |m B:DE-576;DE-21  |q application/pdf  |v 20130423152303  |x Verlag  |3 Inhaltsverzeichnis  |7 1 
935 |a mteo 
936 r v |a BM 7811  |b Sekundärliteratur  |k Theologie und Religionswissenschaften  |k Theologie des geistlichen Lebens  |k Quellen zur Theologie des geistlichen Lebens  |k Geistliche Schriftsteller des 20. Jahrhunderts  |k Balthasar, Hans Urs von  |k Sekundärliteratur  |0 (DE-627)127152838X  |0 (DE-625)rvk/12905:11597  |0 (DE-576)20152838X 
936 r v |a BM 7810  |b Werke  |k Theologie und Religionswissenschaften  |k Theologie des geistlichen Lebens  |k Quellen zur Theologie des geistlichen Lebens  |k Geistliche Schriftsteller des 20. Jahrhunderts  |k Balthasar, Hans Urs von  |k Werke  |0 (DE-627)1270733737  |0 (DE-625)rvk/12905:11596  |0 (DE-576)200733737 
936 r v |a BN 9300  |b Kosmische Eschatologie (Parusie Christi, Weltgericht, Himmel, Hölle)  |k Theologie und Religionswissenschaften  |k Dogmatik und Dogmengeschichte  |k Spezielle Dogmatik  |k Eschatologie  |k Kosmische Eschatologie (Parusie Christi, Weltgericht, Himmel, Hölle)  |0 (DE-627)1270741993  |0 (DE-625)rvk/13873:  |0 (DE-576)200741993 
936 b k |a 11.61  |j Dogmatik  |j Konfessionskunde  |0 (DE-627)106403850 
951 |a BO 
ELC |b 1 
ITA |a 1  |t 1 
LOK |0 000 xxxxxcx a22 zn 4500 
LOK |0 001 3227843102 
LOK |0 003 DE-627 
LOK |0 004 720585236 
LOK |0 005 20130417080605 
LOK |0 008 130402||||||||||||||||ger||||||| 
LOK |0 040   |a DE-21  |c DE-627  |d DE-21 
LOK |0 852   |a DE-21 
LOK |0 852 1  |c 53 A 3221  |9 00 
LOK |0 935   |a theo 
LOK |0 936ln  |a t5 
LOK |0 938   |a 1304  |f 2 
LOK |0 939   |a 02-04-13  |b l01 
LOK |0 000 xxxxxcx a22 zn 4500 
LOK |0 001 3227843188 
LOK |0 003 DE-627 
LOK |0 004 720585236 
LOK |0 005 20130829155410 
LOK |0 008 130829||||||||||||||||ger||||||| 
LOK |0 040   |a DE-21-35  |c DE-627  |d DE-21-35 
LOK |0 541   |e 13/703 
LOK |0 852   |a DE-21-35 
LOK |0 852 1  |c Dx 2.149  |m p  |9 00 
LOK |0 938   |a 1308  |f K3 
LOK |0 938   |k p 
LOK |0 939   |a 29-08-13  |b l01 
ORI |a SA-MARC-ixtheoa001.raw 
STA 0 0 |a Analysis of existence,Existence analysis,Eschatology,Eschatology,Hell,Hell,Hell in literature,Mental illness,Mental illness,Theodrama,Theological anthropology,Anthropology,Theology,Theology 
STB 0 0 |a Analyse existentielle,Daseinsanalyse,Daseinsanalyse,Anthropologie théologique,Dramatique divine,Théologie dramatique,Théologie dramatique,Enfer,Enfer,Eschatologie,Eschatologie,Théologie,Théologie,Trouble psychique,Trouble psychique 
STC 0 0 |a Antropología teológica,Análisis existencial,Disturbio mental,Disturbio mental,Escatología,Escatología,Inferno,Inferno,Teodramática,Teología,Teología 
STD 0 0 |a Antropologia teologica,Daseinsanalyse,Analisi esistenziale,Analisi esistenziale,Disturbo mentale,Disturbo mentale,Escatologia,Escatologia,Inferno,Inferno,Teodrammatica,Teologia,Teologia 
STE 0 0 |a 地狱,地狱,阴间,阴间,此在分析,存在分析,神学人论,神学家,精神病,精神病,心理失常,终末论,终末论,末日论,末世论,末日论,末世论 
STF 0 0 |a 地獄,地獄,陰間,陰間,此在分析,存在分析,神學人論,神學家,精神病,精神病,心理失常,終末論,終末論,末日論,末世論,末日論,末世論 
STG 0 0 |a Antropologia teológica,Análise existencial,Distúrbio mental,Distúrbio mental,Escatologia,Escatologia,Inferno,Inferno,Teodramática,Teologia,Teologia 
STH 0 0 |a Ад (мотив),Ад,Богословие (мотив),Богословие,Богословская антропология,Дазайн-анализ,Психическое нарушение (мотив),Психическое нарушение,Теодраматика,Эсхатология (мотив),Эсхатология 
STI 0 0 |a Dasein,Υπαρξιακή ανάλυση,Εσχατολογία (μοτίβο),Εσχατολογία,Θεοδραματική,Θεολογία (μοτίβο),Θεολογία,Θεολογική ανθρωπολογία,Κόλαση (μοτίβο),Κόλαση,Ψυχική διαταραχή (μοτίβο),Ψυχική διαταραχή 
SYG 0 0 |a Baltasār, Hāns Ūrs fūn,1905-1988,Balthasar, Hans-Ura von,1905-1988,Balthasar, Hans U. von,1905-1988,Balthasar, Hans U. v.,1905-1988,Balthasar, Hans Urs v.,1905-1988,Balthasar, H. U. von,1905-1988,Balthasar, Hans-Urs von,1905-1988,Balthasar, Hans von,1905-1988,Balthasar, Urs von,1905-1988,Bal'tazar, Ch. U. fon,1905-1988,Bal'tazar, Gans Urs fon,1905-1988,Bal'tazar, Chans Urs fon,1905-1988,Werner, Hans,1905-1988,Von Balthasar, Hans Urs,1905-1988,Von Balthasar, Hans U.,1905-1988,Balʹtazar, Chans Urs fon,1905-1988 , Christliche Theologie , Baltasār, Hāns Ūrs fūn,1905-1988,Balthasar, Hans-Ura von,1905-1988,Balthasar, Hans U. von,1905-1988,Balthasar, Hans U. v.,1905-1988,Balthasar, Hans Urs v.,1905-1988,Balthasar, H. U. von,1905-1988,Balthasar, Hans-Urs von,1905-1988,Balthasar, Hans von,1905-1988,Balthasar, Urs von,1905-1988,Bal'tazar, Ch. U. fon,1905-1988,Bal'tazar, Gans Urs fon,1905-1988,Bal'tazar, Chans Urs fon,1905-1988,Werner, Hans,1905-1988,Von Balthasar, Hans Urs,1905-1988,Von Balthasar, Hans U.,1905-1988,Balʹtazar, Chans Urs fon,1905-1988 , Letzte Dinge , Anthropologie,Christliche Anthropologie,Theologie , Baltasār, Hāns Ūrs fūn,1905-1988,Balthasar, Hans-Ura von,1905-1988,Balthasar, Hans U. von,1905-1988,Balthasar, Hans U. v.,1905-1988,Balthasar, Hans Urs v.,1905-1988,Balthasar, H. U. von,1905-1988,Balthasar, Hans-Urs von,1905-1988,Balthasar, Hans von,1905-1988,Balthasar, Urs von,1905-1988,Bal'tazar, Ch. U. fon,1905-1988,Bal'tazar, Gans Urs fon,1905-1988,Bal'tazar, Chans Urs fon,1905-1988,Werner, Hans,1905-1988,Von Balthasar, Hans Urs,1905-1988,Von Balthasar, Hans U.,1905-1988,Balʹtazar, Chans Urs fon,1905-1988 , Dramatische Theologie,Dramatische Erlösungslehre,Theologisches Welttheater,Theodrama , Psychische Krankheit,Seelische Störung,Mental disorder,Psychische Krankheit,Seelische Krankheit,Psychiatrische Krankheit,Psychische Erkrankung,Psychische Störungen